French property: excellent value for money or trap for the unwary? (Record no. 65240)
[ view plain ]
| 000 -LEADER | |
|---|---|
| fixed length control field | 01190cam a2200265 4500 |
| 001 - CONTROL NUMBER | |
| control field | ABS63182 |
| 008 - FIXED-LENGTH DATA ELEMENTS--GENERAL INFORMATION | |
| fixed length control field | 000000n2000 000 0 eng u |
| 035 ## - SYSTEM CONTROL NUMBER | |
| System control number | (Sirsi) u109305 |
| 100 ## - MAIN ENTRY--PERSONAL NAME | |
| Personal name | Smith, S. |
| 245 ## - TITLE STATEMENT | |
| Title | French property: excellent value for money or trap for the unwary? |
| 260 ## - PUBLICATION, DISTRIBUTION, ETC. | |
| Date of publication, distribution, etc. | 2000 |
| 490 ## - SERIES STATEMENT | |
| Series statement | Farm Tax Brief |
| Volume/sequential designation | 15(9) October 2000, 69-71(3) |
| 520 ## - SUMMARY, ETC. | |
| Summary, etc. | Looks at the practicalities of investing in the French property market. Highlights key differences between the French and English house buying systems, and advises that buyers of French property should be aware of additional legal fees, estate agent's commission, and service charges in addition to the distinctive French contracts. Concludes that a purchase should not be considered until advice has been sought on inheritance and French taxes. |
| 590 ## - LOCAL NOTE (RLIN) | |
| Local note | ABS |
| 650 ## - SUBJECT ADDED ENTRY--TOPICAL TERM | |
| Topical term or geographic name entry element | FRANCE |
| 650 ## - SUBJECT ADDED ENTRY--TOPICAL TERM | |
| Topical term or geographic name entry element | LEGAL SYSTEM |
| 650 ## - SUBJECT ADDED ENTRY--TOPICAL TERM | |
| Topical term or geographic name entry element | FEES |
| 650 ## - SUBJECT ADDED ENTRY--TOPICAL TERM | |
| Topical term or geographic name entry element | Contracts |
| 9 (RLIN) | 6232 |
| 650 ## - SUBJECT ADDED ENTRY--TOPICAL TERM | |
| Topical term or geographic name entry element | HOLIDAY HOMES |
| 650 ## - SUBJECT ADDED ENTRY--TOPICAL TERM | |
| Topical term or geographic name entry element | PROPERTY PURCHASE |
| 650 ## - SUBJECT ADDED ENTRY--TOPICAL TERM | |
| Topical term or geographic name entry element | OVERSEAS PROPERTY |
| 650 ## - SUBJECT ADDED ENTRY--TOPICAL TERM | |
| Topical term or geographic name entry element | PROPERTY-RESIDENTIAL PROPERTY-ACQUISITION AND DISPOSAL OF RESIDENTIAL PROPERTY |
| 690 ## - LOCAL SUBJECT ADDED ENTRY--TOPICAL TERM (OCLC, RLIN) | |
| Topical term or geographic name as entry element | INTERNATIONAL-EUROPE |
| 942 ## - ADDED ENTRY ELEMENTS (KOHA) | |
| Suppress in OPAC | 0 |
| Withdrawn status | Lost status | Source of classification or shelving scheme | Damaged status | Not for loan | Home library | Current library | Shelving location | Date acquired | Total Checkouts | Full call number | Barcode | Date last seen | Copy number | Price effective from | Koha item type |
|---|---|---|---|---|---|---|---|---|---|---|---|---|---|---|---|
| Dewey Decimal Classification | London | London | Journal article | 13/11/2000 | ABS63182 | 109305-1001 | 06/08/2019 | 1 | 06/08/2019 | Journal article |